000 01080nam0a22002771 4500
001 RU\NLR\19V\934663
005 20250620110040.0
035 _a(NLR Aleph) 005289456
090 _a6175653
_c6175653
100 _a20130521d1916 |||y0rusy50 ca
101 1 _arus
102 _aRU
105 _ay z |||||
200 1 _aПод мотив старинного вальса
_fЕ. Кряжева
210 _a[Петроград
_cВ.В. Битнер
_d1916]
215 _a8 с.
_d20
225 1 _aМаленькие книжечки "Недели"
_v43
225 1 _aНовости беллетристики
327 1 _aВ кн. также: Памяти ген. Скалова : [стихотворение] / В. Самарский
464 0 _12001#$aПамяти ген. Скалова$fВ. Самарский
_1700#1$aСамарский$bВ.
_tПамяти ген. Скалова
_aСамарский, В.
700 1 _aКряжева
_bЕ
801 0 _aRU
_bNLR
_c20130521
_gpsbo
801 1 _aRU
_bNLR
_c20130521
_2rusmarc
852 _aNLR
_j3/3511
942 _cBOOK
980 _aNB